| 000 | 00987nam a2200265Ia 4500 | ||
|---|---|---|---|
| 003 | GCL | ||
| 008 | 140319s9999 xx 000 0 ara d | ||
| 020 | _a6365024977 | ||
| 040 |
_aGCL / _cGCL |
||
| 082 | 0 | 4 |
_a658.31422 _bم ت |
| 100 | 1 | _aمحمد مرعى مرعى | |
| 245 | 1 | 0 |
_aالتحفيز المعنوى وكيفية تفعيله فى القطاع الحكومى العربى / _cمحمد مرعى مرعى |
| 260 |
_aالقاهرة : _bالمنظمة العربية للتنمية الادارية ، _c2003 |
||
| 300 |
_a90ص ؛ _c25 سم |
||
| 650 | 0 | 4 | _aالقطاع العام |
| 650 | 0 | 4 | _aالقيادة الادارية |
| 650 | 0 | 4 | _aالتنمية الادارية |
| 650 | 0 | 4 | _aالحوافز |
| 650 | 0 | 4 | _aتقييم الاداء |
| 650 | 0 | 4 | _aالجوائز والمكافات |
| 650 | 0 | 4 | _aالعمل - الجوانب النفسية |
| 650 | 0 | 4 | _aالعمل - الجوانب المادية |
| 650 | 0 | 4 | _aالحافز المعنوى |
| 942 |
_2ddc _cBK |
||
| 999 |
_c5941 _d5941 |
||